[Event "Bundesliga 0506"]
[Site "Germany"]
[Date "2005.11.11"]
[Round "7.6"]
[White "Graf, Alexander"]
[Black "Grafl, Florian"]
[Result "1-0"]
[WhiteElo "2613"]
[BlackElo "2413"]
[Annotator "Roiz,M"]
[PlyCount "79"]
[EventDate "2005.10.21"]
[EventType "team-tourn"]
[EventRounds "15"]
[EventCountry "GER"]
[SourceTitle "CBM 110"]
[Source "ChessBase"]
[SourceDate "2006.01.31"]
[SourceVersion "1"]
[SourceVersionDate "2006.01.31"]
[SourceQuality "1"]
[WhiteTeam "Porz"]
[BlackTeam "Godesberg"]
[WhiteTeamCountry "GER"]
[BlackTeamCountry "GER"]

1. d4 f5 2. g3 Nf6 3. Bg2 g6 4. Nf3 Bg7 5. O-O O-O 6. c4 d6 7. Nc3 Qe8 8. d5
Na6 9. Be3 {Quite a rare move. White takes control of the c5-square and is
planning to swap the dark-squared bishops later on.} ({The main continuation
here is:} 9. Rb1 {[%cal Gb2b4] intending to advance the b-pawn.}) 9... Bd7 {
Black doesn't show his plans yet.} ({Black has a large choice of alternatives
here:} 9... c6) (9... h6) (9... c5) 10. Rb1 ({Here is an example from the
modern practice:} 10. Qd2 Ng4 11. Bf4 Nc5 12. h3 Nf6 13. Bh6 Bxh6 14. Qxh6 e5
15. dxe6 Bxe6 16. b3 Qe7 17. Ng5 c6 18. Rad1 Rad8 19. Rfe1 $14 {1/2-1/2 Bauer,
C-Herraiz Hidalgo,H/Bilbao 2004/CBM 102 ext (59)}) 10... c5 11. dxc6 {
Alexander avoids a closed type of position.} (11. Qd2 Nc7 12. Bh6 Qf7 13. Bxg7
Qxg7 14. a3 a5 15. a4 h6 16. Ne1 g5 17. f4 gxf4 18. Rxf4 Ng4 19. Nd3 Qg5 20.
Rbf1 $14 {1/2-1/2 Jovic,A-Soffer,R/Biel 1991/EXT 2000 (47)}) 11... bxc6 {
Now black has a flexible pawn structure, but white gets a clear plan of
b2-b4-b5 advancement.} ({Comes to consideration also:} 11... Bxc6 $5 12. b4 (
12. Nd5 e5 $1 13. Rc1 (13. Nxf6+ Rxf6 14. Bg5 Rf7 $132 15. Qxd6 $140 $6 h6 $36
{[%cal Gf5f4,Oh6g5,Ga8d8]})) 12... Ne4 13. Nxe4 Bxe4 14. Rb3 Rc8 $132) 12. b4 {
Allowing black to exchange the important Be3. In my opinion, white cannot
pretend on advantage now.} ({I would prefer:} 12. h3 {[%cal Gb2b4]} c5 13. Nd5
(13. a3 Rb8 14. Qd2 Bc6 $11) (13. Qd2 Bc6 14. Bh6 Nc7 15. Bxg7 Kxg7 $11) 13...
Rb8 14. a3 (14. Nxf6+ Rxf6 15. Qd2 Bc6 $11) 14... Nxd5 15. Qxd5+ Kh8 16. Qd2 {
with a doubled-edged play.}) 12... Ng4 13. Qd2 $146 ({Too passive is:} 13. Bd2
e5 14. Be1 $6 (14. h3 Nf6 15. b5 Nc5 $132) 14... e4 15. Nd4 Nxb4 16. Rxb4 c5
17. Nxf5 gxf5 18. Rb3 Qe6 19. Qd5 Nf6 $15 {0-1 Van de Velde,K-Van Beers,E/
Belgium 2001/EXT 2003 (42)}) 13... Qf7 14. c5 {That move is very principal,
but gives black a lot of playable possibilities.} ({A very interesting
position with mutual chances would arise after:} 14. b5 $5 Nxe3 15. fxe3 (15.
Qxe3 f4 $1 $132) 15... Nc7 (15... Qxc4 $2 16. Nd4 Nc7 17. bxc6 $16 {[%cal
Oc6d7,Gb1b7]}) ({I can also hardly recommend} 15... Nc5 $6 16. Nd4 cxb5 (16...
Rab8 17. Nxc6 Bxc6 18. Bxc6 $16) 17. Bd5 e6 18. Bxa8 Rxa8 19. Ndxb5 $14 {
and black's compensation is not sufficient.}) ({But deserves attention also:} 
15... cxb5 16. Ng5 (16. cxb5 Rac8 17. Nd4 Nc5 $132) 16... Bxc3 17. Qxc3 Qxc4
18. Qd2 Kg7 19. Bxa8 Rxa8 20. Rfc1 Qg4 $132) 16. Nd4 c5 17. Nc6 $132) 14...
Nxe3 15. Qxe3 dxc5 {At this point black had a solid choice of possibilities.} (
{An attempt to win the pawn fails to:} 15... Qc4 $2 16. Rfc1 Nxb4 17. Qxe7 Rf7
18. Qxd6 $1 Bxc3 19. Nd2 (19. Ne5 $5 Bxe5 20. Qxe5 Qg4 (20... Qxa2 21. Rxb4 Qd2
22. Rb8+ Rxb8 23. Qxb8+ Kg7 24. Qe5+ Kg8 25. Ra1 $16) 21. f3 Qg5 22. f4 Qe7 23.
Qxe7 Rxe7 24. Rxb4 Rxe2 25. Rb7 Be8 26. Bf1 $16) 19... Qxe2 (19... Qxa2 20.
Rxc3 a5 21. Rcb3 Re8 22. e3 $16 {[%csl Ra2,Rg8]}) 20. Rxc3 Nd5 21. Bxd5 cxd5
22. Qxd5 Re8 $16) ({But I can either recommend:} 15... Nc7 $5 16. Rfd1 (16.
cxd6 exd6 17. Rfd1 Rfe8 18. Qd2 d5 $132) 16... d5 17. Ne5 Qe6 18. Nxd7 Qxd7 19.
b5 e6 20. a4 Rfb8 $11) ({or} 15... Qf6 16. Rfc1 dxc5 ({Only not} 16... d5 $2
17. b5 Nc7 18. b6 Ne6 19. Nxd5 $1 cxd5 20. b7 $16 {[%cal Gc5c6]}) ({But quite
possible is also} 16... Nc7 17. cxd6 exd6 $132 {with a complicated play.}) 17.
b5 Nc7 ({Too dangerous is:} 17... cxb5 $6 18. Nd5 Qd6 19. Nxe7+ Kh8 20. Rd1 Qe6
21. Ng5 $1 Qxe3 22. fxe3 Rad8 23. Nc6 Bxc6 24. Nf7+ Kg8 25. Nxd8 Bxg2 26. Kxg2
$14) 18. bxc6 Bxc6 19. Qxc5 Rfc8 20. Qc4+ Qe6 $11) 16. b5 {White is clearing
the long diagonal!} f4 $2 {A very serious mistake which immediately makes
black's position very hard.} ({It was necessary to take the second pawn. As
the analyse shows, white cannot pretend on advantage in any lines. For
instance,} 16... cxb5 17. Ng5 (17. Ne5 Bxe5 18. Qxe5 Rab8 19. Nxb5 ({I don't
see how white can develop initiative after} 19. Rfd1 Rfd8) 19... Qf6 20. Qxf6
Rxf6 21. Nxa7 Rfb6 22. Rxb6 Rxb6 $11) 17... f4 $1 {(maybe that resourse was
overlooked by Florian)} 18. Qd3 (18. gxf4 Qxf4 19. Qxf4 Rxf4 20. Bxa8 Bxc3 $132
) (18. Qd2 Qf5 19. Bxa8 Rxa8 20. Qd5+ Qxd5 21. Nxd5 b4 $132) 18... Qf5 19. Bxa8
Rxa8 20. Nxb5 Qxd3 21. exd3 Nb4 22. Nc7 Rc8 23. Nce6 $132 {and black is at
least not worse due to the pair of bishops.}) 17. Qd2 $1 {[%csl Rd7] That is
the point! Now the Bd7 is hanging, so black has no time for consolidating.}
Rad8 {Giving up 2 pieces for a rook,but now light squares become very weak.} ({
Maybe it was better to retreat with:} 17... Nb8 18. a4 h6 19. Rbc1 $36 {
[%csl Ra8,Rb8] but who will like to play with such ugly pieces?!}) 18. bxa6 Bf5
19. Qb2 ({Possible was also:} 19. Qxf4 Bxc3 20. Rb7 Qxa2 21. Rxe7 Rd7 22. Rxd7
Bxd7 23. Qd6 $16 {but the text move looks stronger.}) 19... Bxb1 20. Rxb1 Qc4 {
Black's activity forces white to make several passive moves.} 21. Rc1 Rb8 ({
Hardly better would be} 21... Qxa6 22. Qb3+ c4 23. Qc2 $16) 22. Qd2 Rfd8 23.
Qe1 Rb2 ({I believe} 23... fxg3 24. hxg3 Rb2 {doesn't change much:} 25. Bf1 h6
26. e3 Qg4 (26... Qf7 27. Be2 Rf8 28. Kg2 $16) 27. Be2 Qb4 28. a3 Qxa3 29. Bc4+
Kh8 30. Ne4 $16) 24. Bf1 $1 {An important move which allows white to grab the
initiative.} Qb4 25. a3 $1 {It's important to keep the queens on the board to
exploit the weakness of Kg8.} Qxa3 $2 {Decisive mistake which allows white to
consolidate all the pieces.} ({It was necessary to keep the pin even at the
cost of a pawn:} 25... Qa5 26. gxf4 Qxa3 27. e3 {[%cal Gf1c4]} Qb4 $16 {
In this position black is still in the game due to the activity of all his
pieces.}) 26. Ne4 fxg3 27. hxg3 $18 {[%csl Rc5,Rc6,Re7,Rg8] Despite the
material ballance, white has a winning position, since black has a lot of
weaknesses.} Rd5 ({There was no time for taking the pawn:} 27... Qxa6 28. e3
Qa4 29. Bc4+ Kh8 30. Nfg5 Rf8 31. Nf7+ Kg8 (31... Rxf7 32. Nxc5 Qb4 33. Qxb4
Rxb4 34. Bxf7 $18) 32. Qf1 $1 $18) ({But maybe more resistant would be:} 27...
Qb4 $5 {trading the queens.} 28. Nxc5 Qxe1 29. Nxe1 {[%cal Ge1d3,Gf1g2]
although the position remains lost here.}) 28. e3 {Now black cannot avoid the
loss of material.} Rf5 29. Bc4+ Kh8 30. Qd1 ({Good enough would be also the
immediate} 30. Nfg5 $1 Bf6 31. Ne6 $18 {and black is defenceless.}) 30... Qa5
31. Nfg5 {White takes advantage of control of the light squares! Black cannot
hold all his weaknesses, so the game ends very quickly.} h6 32. Ne6 {White's
knights are dominate!} ({Even stronger was:} 32. Qd7 $1 hxg5 33. Kg2 $18 {
[%cal Gc1h1]}) 32... Rb8 33. Qg4 Kh7 34. Nf4 Rxf4 {That is just an agony, but
black had no other defence against 35.Qxg6+.} 35. Qxf4 Rf8 36. Qh4 Qa3 37. Rf1
Qb2 38. Ng5+ Kh8 39. Ne6 Rf6 40. Qe4 1-0

[Event "WchT 6th"]
[Site "Beersheba"]
[Date "2005.11.01"]
[Round "1.2"]
[White "Ni, Hua"]
[Black "Gong, Qianyun"]
[Result "1-0"]
[WhiteElo "2603"]
[BlackElo "2374"]
[Annotator "Roiz,M"]
[PlyCount "47"]
[EventDate "2005.11.01"]
[EventType "team-tourn"]
[EventRounds "9"]
[EventCountry "ISR"]
[SourceTitle "CBM 110"]
[Source "ChessBase"]
[SourceDate "2006.01.31"]
[SourceVersion "1"]
[SourceVersionDate "2006.01.31"]
[SourceQuality "1"]
[WhiteTeam "China"]
[BlackTeam "China (W)"]
[WhiteTeamCountry "CHN"]
[BlackTeamCountry "CHN"]

1. Nf3 f5 2. d4 Nf6 3. g3 g6 4. Bg2 Bg7 5. O-O O-O 6. b3 {A very solid way to
fight against the Leningrad system which restricts black's active possiblities.
} d6 7. Bb2 c6 ({Another common continuation here is:} 7... Qe8) 8. c4 h6 {
A useful move - black takes control of the g-square which could be used by the
Nf3. More than that, black may also advance g6-g5 in the future, trying to
develop some attack on the king-side. However, as the following game shows,
that plan is a bit slow. I would prefer a more solid way of development.} ({
The alternatives are:} 8... Ne4) ({and} 8... Na6) 9. Qc2 {White is planning to
push e2-e4 in order to put a strong pressure along the e-file.} ({Another way
of development may be connected with the d4-d5 advancement:} 9. Nc3 Qe8 10. d5
Bd7 11. b4 Qf7 12. Nd4 Rc8 13. Rc1 cxd5 14. Nxd5 Nc6 15. b5 Nd8 16. Nb3 $14 {
1-0 Romanishin,O-Vezzosi,P/Reggio Emilia 2000/CBM 075 (34)}) 9... g5 10. Nc3
Qe8 {A standard transfer of the queen to the king-side. However, white has a
solid development advantage, so black should be very careful!} 11. e4 {Now the
plan of the e2-e4 advancement is the most logical, since the Qc2 isn't placed
well for playing d4-d5.} fxe4 12. Nxe4 Nbd7 $2 $146 {A very unsuccessful
novelty! Black is choosing a wrong way of development and allows white to
develop a serious initiative by natural moves.} ({In the other cases white's
advantage is not that big:} 12... Nxe4 13. Qxe4 Bf5 14. Qe3 Qf7 15. Rfe1 Na6
16. Qxe7 Bg4 17. Qxf7+ Rxf7 18. Nd2 Nb4 19. Be4 Bf5 20. a3 $14 {1-0 Onischuk,
A-Yilmaz,T/Alushta 1992/EXT 97 (55) In this position black has some
compensation for the pawn. He could get the pair of the bishops.}) ({or} 12...
Qg6 13. Nxf6+ Qxf6 14. Rae1 Na6 15. Ba1 Qf7 16. Re3 Bf5 17. Qd2 Rae8 18. Rfe1
$14 {1-0 Inarkiev,E-Dzhumaev,M/Istanbul 2000/EXT 2001 (58)}) 13. Rae1 {Putting
strong pressure on Pe7 and not allowing black to consolidate.} Qh5 $6 {An
additional mistake which makes black's position critical. The queen has
nothing to do here, it was necessary to keep the Q close to the king.} (13...
Qf7 14. Nfd2 Nxe4 (14... d5 15. Nxf6+ Nxf6 16. Nf3 $16) 15. Bxe4 $16) ({
It was better to exchange the knights immediately:} 13... Nxe4 $142 14. Qxe4
Rf7 15. Nd2 Nf6 16. Qd3 $14 {/+/-}) 14. Nxf6+ Bxf6 15. Nd2 {[%cal Gf2f4]
Freeing a way for the f-pawn. Black's pieces are not coordinated and cannot
help their monarch.} ({Good enough looks also:} 15. d5 cxd5 (15... g4 16. Nd4
Ne5 17. dxc6 Nf3+ 18. Nxf3 Bf5 (18... gxf3 19. Bxf3 Qxf3 20. Qg6+ Kh8 21. Rxe7
$18) 19. Qe2 Bxb2 20. Nh4 $18) 16. Bxf6 Nxf6 17. Rxe7 $40 {and white's attack
is probably decisive.}) 15... Rf7 ({After} 15... Nb6 {trying to complete the
development somehow} 16. d5 cxd5 17. Bxf6 exf6 (17... Rxf6 18. Rxe7 Bf5 19. Qc3
Rf7 20. Rfe1 $18) {white has a very effective winning continuation:} 18. a4 $1
(18. cxd5 Qf7 $16) 18... a5 19. c5 $1 (19. cxd5 Qf7 $16) 19... dxc5 20. Qxc5
Ra6 21. Re7 Qg6 22. Rfe1 $18 {and black is helpless.}) 16. f4 Nf8 $2 {Decisive
mistake which leads to a forced loss.} ({Hardly better would be also:} 16... g4
17. d5 Bxb2 18. Qxb2 Nb6 (18... Nf6 19. dxc6 bxc6 20. Rxe7 $1 Rxe7 21. Qxf6 Re2
(21... Re8 22. Ne4 $18) (21... Rf7 22. Qxd6 Bd7 23. Re1 $18) 22. Qd8+ Re8 23.
Qxd6 Bf5 24. Qxc6 Rad8 25. Ne4 Bxe4 26. Bxe4 Kg7 27. f5 $18) 19. c5 $1 Nxd5 (
19... dxc5 20. dxc6 Rb8 21. c7 Ra8 22. Re5 Qg6 23. Rxc5 $18) 20. cxd6 Bf5 21.
Nc4 $18) ({But black could provide much more resistance by:} 16... gxf4 17.
Rxf4 Bg7 {avoiding the exchange of Bg7} 18. Bf3 (18. Rxf7 Qxf7 19. Rf1 Nf6 $16)
(18. d5 Ne5 19. Rxf7 Qxf7 20. Rf1 Qe8 $16) 18... Qg5 19. Rxf7 Kxf7 20. Ne4 Qg6
21. Qe2 Kg8 $16 {I believe white has a decisive advantage here, but at least
black avoids an immediate loss.}) 17. Ne4 Bf5 {Giving the dark-squared bishop
up, which makes the position absolutely lost.} ({Hopeless would be also:} 17...
Bg7 18. fxg5 Rxf1+ 19. Rxf1 hxg5 20. d5 {and black cannot consolidate without
loosing material:} Bxb2 21. Qxb2 cxd5 (21... Bd7 22. Qf6 $1 exf6 23. Nxf6+ Kh8
24. Nxh5 $18) 22. cxd5 Nd7 23. Rf5 Qd1+ 24. Bf1 Ne5 25. Rxg5+ Kf8 26. Qf2+ $18)
18. Nxf6+ Rxf6 19. Qd2 $18 {[%csl Rg8][%cal Oe1e7,Gd4d5] Now the Kg8 is
extremely weak, and that fact decides the game very quickly.} (19. Qc3 Ng6 20.
fxg5 Qxg5 21. d5 Raf8 22. dxc6 bxc6 23. Bxc6 $18) 19... Rf7 20. d5 (20. fxg5
hxg5) 20... c5 ({There was no time for:} 20... gxf4 {in view of:} 21. dxc6 $1 (
{Only not} 21. Rxf4 $6 Ng6 22. Rf2 c5 23. Ref1 Raf8 $16 {and black is still in
the game}) 21... fxg3 22. hxg3 bxc6 23. Bxc6 Rc8 24. Qd4 e5 25. Qxd6 $18) 21.
Qc3 Ng6 $2 {That is a blunder, but black was lost anyway.} ({After} 21... Rh7
22. fxg5 Qxg5 23. Qf3 Rf7 (23... Bg6 24. Bc1 Qh5 25. Qxh5 Bxh5 26. Be4 Rf7 27.
Bxh6 $18) 24. Bh3 Bg6 25. Qc3 $18 {white has a full domination.}) 22. fxg5 {
Now black cannot keep the material ballance.} Qxg5 23. h4 Qg4 (23... Qf6 24.
Qxf6 exf6 25. Rxf5 $18) 24. Rf4 {Black resigns in view of 24...Qh5 25.Bf3, and
the queen is trapped.} 1-0

[Event "United Insurance 6th"]
[Site "Dhaka"]
[Date "2003.03.08"]
[Round "1"]
[White "Rahman, Md Taibur"]
[Black "Dzhumaev, Marat"]
[Result "0-1"]
[WhiteElo "2300"]
[BlackElo "2507"]
[Annotator "Roiz,M"]
[PlyCount "62"]
[EventDate "2003.03.08"]
[EventType "tourn"]
[EventRounds "13"]
[EventCountry "BAN"]
[EventCategory "9"]
[SourceTitle "CBM 095"]
[Source "ChessBase"]
[SourceDate "2003.07.25"]
[SourceVersion "1"]
[SourceVersionDate "2003.07.25"]
[SourceQuality "1"]

1. d4 f5 2. Nf3 Nf6 3. g3 g6 4. Bg2 Bg7 5. c4 d6 6. O-O O-O 7. Nc3 Qe8 8. d5 {
The main.} ({The alternatives are:} 8. Re1) (8. Nd5) ({and} 8. b3) 8... Na6 9.
Rb1 {[%cal Gb2b4] In my opinion, this is only way to fight for the opening
advantage.} Bd7 (9... c6 {oftenly leads to the same position after} 10. dxc6
bxc6 11. Nd4 Bd7 12. b4) 10. b4 c6 11. dxc6 bxc6 (11... Bxc6 {is less popular
continuation} 12. Qb3 Ne4 (12... Kh8 13. c5 (13. Bb2 e5 14. e3 Rd8 15. a4 b6
16. Ba3 Ba8 17. Rbd1 h6 18. Nb5 $14 {0-1 Annakov,B-Reinderman,D/Wch U20 1992})
13... Ne4 (13... dxc5 14. b5) 14. Bb2 e5 15. cxd6 Nxd6 16. b5 Nc5 17. Qb4 Bxf3
18. Bxf3 Rc8 19. Rfd1 Nf7 (19... Qe7 $5 20. Nd5 Qe6 {Dautov}) 20. Bd5 Ng5 21.
Na4 b6 22. Nxc5 Rxc5 23. Qd2 $16 {1-0 Gurevich,M-Wall,G/Gent op 1997}) (12...
h6 13. c5+ Kh7 14. cxd6 exd6 15. Bb2 Qe7 16. e3 Rac8 17. Rfd1 Rfd8 18. Nd4 Bxg2
19. Kxg2 Nc7 20. Rbc1 Ng4 21. h3 Ne5 22. Nd5 $14 {1/2-1/2 Lukacs,P-Dao Thien
Hai/Budapest FS07 GM 1994}) 13. Bb2 Rc8 (13... Nxc3 14. Bxc3 Bxc3 15. c5+ e6
16. Qxc3 dxc5 17. b5 Bxb5 18. Ne5 Rb8 19. Rfe1 b6 20. e4 $40 {1-0 Kramnik,
V-Malaniuk,V/Moscow ol (Men) 1994}) 14. Rbc1 Nxc3 15. Bxc3 Bxc3 16. Rxc3 Ba4
17. Qb2 e5 18. Rfc1 e4 19. Nd4 Qe5 20. e3 Be8 21. Bf1 Nb8 22. c5 $16 {1-0
Badea,B-Chernov,V/Cupa Dinamo 1998}) 12. b5 ({another common line is} 12. a3 {
- see my comments to Fridman,D-Berg,E/Bermuda-B 2003}) 12... cxb5 13. cxb5 Nc7
$6 {[%csl Rd5][%cal Yc7d5] An original move. The idea of it is to take under
control the d5 square (for example, black could play 14...Ne4).} ({much more
popular is} 13... Nc5 14. a4 (14. Nd4 Nfe4 (14... Rc8 15. Bb2 Nfe4 16. Nxe4
Nxe4 17. a4 Qf7 18. Qd3 Qa2 (18... Rc4 $5 {Roiz,M}) 19. Bxe4 fxe4 20. Qxe4 e5
21. Nc6 Rxc6 22. bxc6 Bf5 23. Ra1 Qxb2 $13 {1/2-1/2 Kelly,B-Wall,G/BCF-chT
0001 (4NCL) 2001}) 15. Nxe4 Nxe4 16. a4 (16. Bb2 {Tyomkin,D} e5 17. Nc2 Bxb5
18. Qd5+ Rf7 19. f3 Ng5 (19... Rc8 $142 {Tyomkin,D}) 20. f4 Ne4 (20... Rc8 $1 {
Tyomkin,D}) 21. Bxe4 fxe4 22. fxe5 Bc6 $8 23. Qxf7+ Qxf7 24. Rxf7 Kxf7 25. e6+
$14 {Orsag,M-Vrana,F/CSR-chT 1992/TD 92\10/1/2-1/2 (41)}) (16. Rb4 $6 {Tyomkin,
D} Rc8 (16... e5 {Tyomkin,D}) 17. Bb2 e5 18. Nb3 (18. Bxe4 {Tyomkin,D} fxe4 19.
Nb3 Qf7 $17 {[%cal Gd7h3]}) 18... Qf7 19. f3 Nc3 20. Bxc3 Rxc3 21. Qxd6 Rfc8
$15 {[%cal Gg7f8] ^^ Blees,A-Kindermann,S/Hamburg Wichern-op 1995/EXT 95op/0-1
(42)}) (16. Qb3+ $6 {Tyomkin,D} Qf7 17. Qxf7+ (17. Be3 {Tyomkin,D} Qxb3 18.
Rxb3 Rfc8 $15 19. Rb4 d5 20. Rd1 e5 21. Nb3 d4 22. Bxe4 fxe4 $17 23. Nc1 $4
dxe3 {[%csl Rc1] 0-1 Stangl,M-Topalov,V/EU-chJ U20 Arnhem 1989/TD 89\08}) 17...
Kxf7 18. Be3 Rac8 19. Bxe4 fxe4 20. Rfd1 Rc4 21. Nc6 Bxc6 22. bxc6 Rxc6 23.
Bxa7 Ra8 24. Rb7 Bf6 25. a4 Ra6 26. Bb6 Ke6 27. a5 Bc3 $17 {[%csl Ra5]
Vakhidov,T-Malaniuk,V/Tashkent 1987/EXT 87/0-1 (58)}) 16... Qf7 17. Bxe4 (17.
Bb2 {Tyomkin,D} Rac8) 17... fxe4 18. Be3 Rfc8 19. Rc1 Rxc1 20. Qxc1 Rc8 21. Nc6
a6 22. Qc2 axb5 23. axb5 Qe6 24. Rc1 Kf7 25. Bb6 Qd5 26. Qa4 Bf6 27. Rd1) 14...
Rc8 15. Nd4 Nfe4 (15... Qf7 16. Nc6 Nfe4 17. Nxe4 fxe4 18. Nxa7 Ra8 19. Nc6
Nxa4 20. Bd2 d5 21. Qc2 Rfc8 22. Rfc1 Nb6 23. Qc5 $14 {1-0 Matros,A-Berg,E/
Rilton Cup 2000}) 16. Nxe4 Nxe4 17. Bb2 Qf7 18. e3 Qa2 19. Nc6 Bxc6 20. Bxg7
Bxb5 (20... Nc3 $5 21. Ra1 Qe6 22. Bxc3 Bxg2 23. Qd4 Rxc3 24. Qxc3 Bxf1 25.
Kxf1 Rc8 $11) 21. Ra1 (21. axb5 Kxg7 22. Ra1 Qb2 23. Rxa7 Rf7 24. Qa1 Qxa1 25.
Rfxa1 Rb8 26. Bf1 e6 27. Rxf7+ Kxf7 28. Ra7+ $14 {1/2-1/2 Alterman,B-Zhang
Zhong/TCN Cup 3rd 1997[Tyomkin]}) 21... Qc2 22. axb5 Qxd1 23. Rfxd1 Kxg7 24.
Rxa7 (24. Bxe4 fxe4 25. Rxa7 Rf7 26. Ra2 Rb8 27. Rb2 Rf5 28. b6 Rb7 29. Rd4 d5
$11) 24... Nc3 $1 25. Rxd6 (25. Rxe7+ Rf7 26. Rxf7+ Kxf7 27. Rxd6 Nxb5) 25...
Nxb5 26. Rxe7+ Rf7 27. Rxf7+ Kxf7 $14 {1/2-1/2 Haba,P-Gurevich,M/Osterreich
2002}) 14. a4 (14. Bb2 $5 {Roiz,M} Ne4 (14... Rc8 15. a4 Ne4 16. Nxe4 fxe4 17.
Ne1 Bxb2 18. Rxb2 $14 {[%csl Ra7,Re4]}) 15. Nxe4 fxe4 16. Ng5 Bxb2 17. Rxb2 d5
(17... Bxb5 18. Nxe4 Bc6 19. Qc2 $16 {[%csl Rc6,Rc7][%cal Ge4f6]}) 18. Rc2 Rc8
19. Rxc7 $1 Rxc7 20. Qxd5+ e6 $8 21. Qe5 Rc2 22. Nxe4 $36 Qf7 23. a4 $16) 14...
Ne4 $1 {Actually, this move can be the only idea of previous move. Other moves
are much worse.} (14... Kh8 $6 15. Bb2 Rb8 16. Ba1 h6 17. Qd4 a6 18. Qa7 Qc8
19. Nd4 d5 20. Rbc1 Rb7 21. Qc5 $16 {1-0 Krizsany,L-Klavcic,K/Finkenstein op
1997}) (14... h6 $6 15. Nd4 d5 16. Nb3 e6 17. Ba3 Rf7 18. Qd2 Qd8 19. Rfc1 Ng4
20. f4 h5 21. Nc5 $16 {Krizsany,L-Vrana,F/Donau op 1995}) 15. Nxe4 fxe4 16. Nh4
$5 $146 {Interesting move! The knight is out of play but other pieces can
easily attack the black pawns.} (16. Nd4 d5 17. Ba3 Ne6 18. Nb3 Rf5 19. e3 (19.
f3 $5 e3 20. f4 $36) 19... a6 20. g4 Rf7 21. Qxd5 axb5 22. a5 Rd8 23. Qxe4 $16
{0-1 Ippolito,D-Dzhumaev,M/Ubeda op 5th 2000} (23. Rfd1 $5)) 16... d5 17. Be3
Be6 $8 (17... e5 18. Rc1 {[%csl Rd5][%cal Gc1c7]}) 18. Rc1 (18. f3 $6 d4 $1 19.
Bxd4 Rd8 20. e3 g5 $132) 18... Qd7 19. Bxe4 (19. Bd4 Ne8 20. Bxg7 Nxg7 21. Qd2
$14) 19... Nxb5 20. Bxd5 ({Better was} 20. Bxg6 $1 Nc3 (20... d4 21. Be4 Nc3
22. Rxc3 dxc3 23. Qc2 $16 {[%cal Gc2h7]}) 21. Bxh7+ Kxh7 22. Rxc3 Bxc3 23. Qc2+
Bf5 24. Qxc3 $16 {[%csl Rh7] /+-}) 20... Bxd5 21. axb5 e6 {Black has some
compensation for the pawn due to pair of the bishops.} 22. Bd4 (22. Qd3 $5 Rab8
23. Rc5 Rfc8 24. Rb1 {[%cal Gh4g2,Gg2f4] and white has good chances to realize
his material advantage.} (24. Rfc1 $6 Rxc5 25. Rxc5 Bf8)) 22... Bh6 23. Ra1 $6
{Too passive.Now black gets some time to coordinate his pieces.} (23. Rc5 $5
Rfc8 (23... Rfd8 24. Bf6 Rf8 25. Ba1) 24. Rxc8+ Rxc8 25. Ba1 {[%cal Gd1d4]} Rc4
26. Qb1 $16 {[%cal Gb1b2]}) 23... Rf7 24. Qd3 g5 25. Ng2 $4 {[%mdl 8192] A
terrible blunder! This game is a nice example of ''how one move can change the
result''} (25. Be3 Bg7 26. Bxg5 Bxa1 27. Rxa1 Rb8 28. Rb1 {I believe that
white is at least not worse.}) ({possible was also} 25. Qe3 Qxb5 26. Nf3 Bxf3
27. exf3 Qd5 28. Rfe1 Rxf3 29. Qxe6+ Qxe6 30. Rxe6 Bg7 31. Rxa7 Rxa7 32. Bxa7
$14) 25... Bxg2 26. Kxg2 Rd8 27. Ra4 $6 ({More resistant was} 27. Rxa7 Qxa7 28.
Bxa7 Rxd3 29. exd3 Rxa7 $17 {/-+}) 27... Qb7+ 28. Kh3 e5 $19 29. Rxa7 g4+ (
29... Qc8+ 30. Kg2 Rxa7 31. Qb3+ Rf7 $19) 30. Kh4 Qg2 31. Kxg4 Rf4+ {[%mdl
2048]} 0-1